Key to success and happiness : (Record no. 64048)

MARC details
000 -LEADER
fixed length control field 00730nam a22001697a 4500
005 - DATE AND TIME OF LATEST TRANSACTION
control field 20120314131139.0
020 ## - INTERNATIONAL STANDARD BOOK NUMBER
International Standard Book Number 8179920305
Terms of availability 00.00
035 ## - SYSTEM CONTROL NUMBER
System control number B-84048
037 ## - SOURCE OF ACQUISITION
Stock number DPL
Source of stock number/acquisition ENG
100 ## - MAIN ENTRY--PERSONAL NAME
Personal name Rubino, Joe
245 ## - TITLE STATEMENT
Title Key to success and happiness :
Remainder of title A fable about leadership, personal excellence and empowerment /
Statement of responsibility, etc by Joe Rubino
260 ## - PUBLICATION, DISTRIBUTION, ETC. (IMPRINT)
Place of publication, distribution, etc Mumbai
Name of publisher, distributor, etc Jaico Publishing House
Date of publication, distribution, etc 2002
300 ## - PHYSICAL DESCRIPTION
Extent v, 183p.
Dimensions 18 cms.
942 ## - ADDED ENTRY ELEMENTS (KOHA)
Source of classification or shelving scheme Dewey Decimal Classification
Item type English Books
Classification part 158.1
Call number suffix RUB
Holdings
Withdrawn status Lost status Not for loan Collection code Home library Current library Date acquired Cost, normal purchase price Full call number Barcode Cost, replacement price Koha item type
      Non-fiction Sarojini Nagar Sarojini Nagar 14/03/2012 125.00 158.1 RUB B-110180 125.00 English Books
      Non-fiction Sarojini Nagar Sarojini Nagar 14/03/2012 125.00 158.1 RUB B-84048 125.00 English Books

© Delhi Public Library
Hit Counter
free hit counter